India through Hindu categories

Saved in:
Bibliographic Details
Other Authors: Marriott, McKim (Editor)
Format: Book
Language:English
Published: New Delhi : Sage , 1990
Series:Contributions to Indian sociology. Occasional studies ; ; 5
Subjects:
Tags: Add Tag
No Tags, Be the first to tag this record!

MARC

LEADER 00000cam a2200000 i 4500
001 1/10369
008 970529s1990 eng d
020 |a 81-7036-176-1 
035 |l 10017831 
040 |a GR-MY-UA  |b gre  |e aacr 
041 0 |a eng 
082 0 |a 306.0954 
245 1 0 |a India through Hindu categories /  |c Edited by McKim Marriott 
260 |a New Delhi :   |b Sage ,   |c 1990 
300 |a xvi, 209 p.;  |c 25 cm 
490 1 |a Contributions to Indian sociology. Occasional studies  |v ; 5 
504 |a Includes bibliographical references 
650 0 0 |a Civilization, Hindu. 
651 0 |a India  |x Civilization. 
700 1 |a Marriott, McKim.  |4 edt 
830 0 |a Contributions to Indian sociology. Occasional studies ;  |v ; 5 
852 |a INST  |b LESVOS  |e 19970529  |h 306.0954 IND  |p 005100011163  |q 005100011163  |t BK  |y 0 
909 |a Λ  |b 049553